| 000 | 01135nam a2200193 a 4500 | ||
|---|---|---|---|
| 001 | 53698 | ||
| 005 | 20180714044106.0 | ||
| 008 | 140415s2001 mx 000 0 spa d | ||
| 020 | _a9687846208 | ||
| 041 | _aspa | ||
| 082 |
_a324.73 _bANU |
||
| 245 | 0 | 0 | _aANUARIO DE INVESTIGACION DE LA COMUNICACION CONEICC VIII |
| 250 | _a1a ed. | ||
| 260 |
_aMEXICO : _bCONEICC, _c2001 |
||
| 300 |
_a250 _c16.1 x 1.6 x 22.5 |
||
| 520 | _aCON ESTA EDICION NUMERO OCHO, EL ANUARIO DE INVESTIGCION DE LA COMUNICACION DEL CONSEJO NACIONAL PARA LA ENSEĆANZA Y LA INVESTIGACION DE LAS CIENCIAS DE LA COMUNICACION (CONEICC), MANTIENE SU PROPOSITO ORIGIAL DE MOSTRAR, EN FORMA PERIODICA, EL QUEHACER INVESTIGATIVO QUE SE DESARROLLA EN NUESTRO AMBITO DISCIPLINARIO EN MEXICO. SI EN LOS NUMEROS ANTERIORES QUEDA REGISTRDA CON CLARIDAD LA ORIENTACION TEMATICA Y METODOLOGICA QUE ANIMA A LA PRODUCCION ACADEMICA EN NUESTRA AREA Y EN NUESTRA | ||
| 650 | 1 | 4 |
_aELECCIONES _xOBSERVACION _xELECCIONES _xPARTICIPACION _xELECCIONES _xPROPAGANDA _xPRONOSTICOS DE ELECCIONES |
| 700 | 1 |
_aCERDAN, JOSE LUIS (Ed.) -ACEVES GONZALEZ, FRANCISCO (Ed.) _ecoaut. |
|
| 999 |
_c53698 _d53698 |
||